Abilities in the adolescent period : Their growth, differentiation and stabilisation (Cross-sectional study) (Record no. 1361752)

MARC details
000 -LEADER
fixed length control field 00712nam a2200205Ia 4500
005 - DATE AND TIME OF LATEST TRANSACTION
control field 20250508160113.0
008 - FIXED-LENGTH DATA ELEMENTS--GENERAL INFORMATION
fixed length control field 008 250505s9999 xx 000 0 eng d
037 ## - SOURCE OF ACQUISITION
Stock number Textual
040 ## - CATALOGING SOURCE
Original cataloging agency FEDL
Language of cataloging eng
Transcribing agency FEDL
041 ## - LANGUAGE CODE
Language code of text/sound track or separate title eng
Source of code eng
084 ## - COLON CLASSIFICATION NUMBER
Classification number 155.5, NCE
Assigning agency FEDL
100 ## - MAIN ENTRY--PERSONAL NAME
Personal name Sharma Atmananda
245 #0 - TITLE STATEMENT
Title Abilities in the adolescent period : Their growth, differentiation and stabilisation (Cross-sectional study)
245 #0 - TITLE STATEMENT
Statement of responsibility, etc. Department of Psychological Foundations National Institute of Education. National Council of Educational Research and Training
260 ## - PUBLICATION, DISTRIBUTION, ETC.
Date of publication, distribution, etc. 1966
300 ## - PHYSICAL DESCRIPTION
Extent 142p.
650 ## - SUBJECT ADDED ENTRY--TOPICAL TERM
Topical term or geographic name entry element Child Psychology
942 ## - ADDED ENTRY ELEMENTS (KOHA)
Koha item type Textual
Classification part 155.5, NCE
Holdings
Withdrawn status Lost status Damaged status Not for loan Home library Current library Date acquired Total Checkouts Full call number Barcode Date last seen Price effective from Koha item type
        Department of Education Library Department of Education Library 2025-05-08   155.5, NCE EL0047712 2025-05-08 2025-05-08 Textual
Copyright @ Delhi University Library System